000
00311 a2200145 4500
001
153780
040
_c
Escola São Tomás de Aquino
100
_a
COPPELLI,Alba
240
1
0
_a
O mico-leão
_l
por
245
1
0
_a
O mico-leão
362
0
_a
1995
440
1
_a
FTD
697
_a
*LITERATURA JUVENIL
942
_c
BK
999
_c
153780
_d
153780